|
|
|
|
| LEADER |
01985nam a2200445 i 4500 |
| 001 |
EBC4689660 |
| 003 |
MiAaPQ |
| 005 |
20200520144314.0 |
| 006 |
m o d | |
| 007 |
cr cnu|||||||| |
| 008 |
161006s2016 xxka ob 000 0 eng|d |
| 020 |
|
|
|z 9781786353542
|
| 020 |
|
|
|a 9781786353535 (e-book)
|
| 035 |
|
|
|a (MiAaPQ)EBC4689660
|
| 035 |
|
|
|a (Au-PeEL)EBL4689660
|
| 035 |
|
|
|a (CaPaEBR)ebr11266914
|
| 035 |
|
|
|a (CaONFJC)MIL955035
|
| 035 |
|
|
|a (OCoLC)958651093
|
| 040 |
|
|
|a MiAaPQ
|b eng
|e rda
|e pn
|c MiAaPQ
|d MiAaPQ
|
| 050 |
|
4 |
|a HF5549.5.E45
|b G56 2016
|
| 082 |
0 |
|
|a 300.723
|2 23
|
| 245 |
0 |
0 |
|a Global talent management and staffing in MNEs /
|c edited by Ying Guo, Xi'an Jiatong-Liverpool University, Jiangsu, China, Hussain G. Rammal, University of Technology Sydney, NSW, Australia, Peter J. Dowling, La Trobe University, Victoria, Australia.
|
| 264 |
|
1 |
|a United Kingdom :
|b Emerald,
|c 2016.
|
| 300 |
|
|
|a 1 online resource (253 pages) :
|b illustrations (some color)
|
| 336 |
|
|
|a text
|2 rdacontent
|
| 337 |
|
|
|a computer
|2 rdamedia
|
| 338 |
|
|
|a online resource
|2 rdacarrier
|
| 490 |
1 |
|
|a International business & management,
|x 1876-066X ;
|v volume 32
|
| 504 |
|
|
|a Includes bibliographical references.
|
| 588 |
|
|
|a Description based on online resource; title from PDF title page (ebrary, viewed October 6, 2016).
|
| 590 |
|
|
|a Electronic reproduction. Ann Arbor, MI : ProQuest, 2016. Available via World Wide Web. Access may be limited to ProQuest affiliated libraries.
|
| 650 |
|
0 |
|a International business enterprises
|x Personnel management.
|
| 650 |
|
0 |
|a International business enterprises
|x Employees.
|
| 655 |
|
4 |
|a Electronic books.
|
| 700 |
1 |
|
|a Guo, Ying,
|e editor.
|
| 700 |
1 |
|
|a Rammal, Hussain G.,
|e editor.
|
| 700 |
1 |
|
|a Dowling, Peter J.,
|e editor.
|
| 797 |
2 |
|
|a ProQuest (Firm)
|
| 830 |
|
0 |
|a International business and management series ;
|v v. 32.
|
| 856 |
4 |
0 |
|u https://ebookcentral.proquest.com/lib/matrademy/detail.action?docID=4689660
|z Click to View
|